Tepat pada waktunya (Record no. 23417)

MARC details
000 -LEADER
fixed length control field 00668nam a2200241 i 4500
001 - CONTROL NUMBER
control field C2-0101593
003 - CONTROL NUMBER IDENTIFIER
control field PPAK
005 - DATE AND TIME OF LATEST TRANSACTION
control field 20180727095808.0
008 - FIXED-LENGTH DATA ELEMENTS--GENERAL INFORMATION
fixed length control field 970527s1989 my a|||| ||||| | may d
020 ## - INTERNATIONAL STANDARD BOOK NUMBER
International Standard Book Number 9836208682
040 ## - CATALOGING SOURCE
Original cataloging agency PPAK
Language of cataloging eng
Transcribing agency PPAK
Description conventions rda
082 04 - DEWEY DECIMAL CLASSIFICATION NUMBER
Classification number 808.2
Edition number 23
090 00 - LOCALLY ASSIGNED LC-TYPE CALL NUMBER (OCLC); LOCAL CALL NUMBER (RLIN)
Classification number (OCLC) (R) ; Classification number, CALL (RLIN) (NR) 808.2
Feature heading TEP
Feature heading G
Classification number (OCLC) (R) ; Classification number, CALL (RLIN) (NR) 808.2
Feature heading TEP
Feature heading KIH
245 00 - TITLE STATEMENT
Title Tepat pada waktunya
264 #1 - PRODUCTION, PUBLICATION, DISTRIBUTION, MANUFACTURE, AND COPYRIGHT NOTICE
Place of production, publication, distribution, manufacture Kuala Lumpur :
Name of producer, publisher, distributor, manufacturer Dewan Bahasa dan Pustaka ,
Date of production, publication, distribution, manufacture, or copyright notice 1989
300 ## - PHYSICAL DESCRIPTION
Extent 267 pages :
Other physical details illustrations ;
Dimensions 23 cm
336 ## - CONTENT TYPE
Source rdacontent
Content type term text
337 ## - MEDIA TYPE
Source rdamedia
Media type term unmediated
338 ## - CARRIER TYPE
Source rdacarrier
Carrier type term volume
650 10 - SUBJECT ADDED ENTRY--TOPICAL TERM
Topical term or geographic name entry element English drama - Translation into Malay
942 ## - ADDED ENTRY ELEMENTS (KOHA)
-- dc
Koha item type Book
Holdings
Withdrawn Not for loan Current library Shelving location Date acquired Full call number Barcode Date last seen Koha item type
    Perpustakaan Alor Setar Pinjaman Dewasa 27/07/1997 808.2 TEP A00040077 08/05/2018 Book
  Not For Loan Perpustakaan Alor Setar Koleksi Ismail Hussein 05/10/1998 KIH 808.2 TEP A00174768 08/05/2018 Book
    Perpustakaan Alor Setar Pinjaman Dewasa 27/07/1997 808.2 TEP A00040076 08/05/2018 Book
    Perpustakaan Awam Sungai Petani Pinjaman Dewasa 12/02/2004 808.2 TEP A00418319 08/05/2018 Book
    Perpustakaan Kulim Pinjaman Dewasa 11/12/2003 808.2 TEP A00336788 08/05/2018 Book